[Event "Online Olym Top DivD 2021"]
[Site "chess.com INT"]
[Date "2021.09.09"]
[Round "6.5"]
[Board "6"]
[White "Malicka, Maria"]
[Black "Obregon Garcia, Roxangel"]
[Result "1/2-1/2"]
[WhiteTitle "FM"]
[BlackTitle "WIM"]
[WhiteElo "2311"]
[BlackElo "2167"]
[WhiteTeam "Poland"]
[BlackTeam "Cuba"]
[WhiteFideId "1197576"]
[BlackFideId "3520420"]
[EventDate "2021.09.08"]
[EventType "team"]

1. e4 c5 2. Nf3 Nc6 3. d4 cxd4 4. Nxd4 Nf6 5. Nc3 e6 6. Ndb5 Bc5 7. Bf4 O-O 8.
Bc7 Qe7 9. Bd6 Bxd6 10. Qxd6 Qd8 11. Nc7 Rb8 12. O-O-O a6 13. Be2 b5 14. e5 Ng4
15. Bxg4 Qg5+ 16. Kb1 Qxg4 17. Rhe1 Qb4 18. Ne4 Rb7 19. Nxa6 Qxd6 20. Nxd6 Rb6
21. Nc5 Ne7 22. Nxc8 Rxc8 23. Rxd7 Nd5 24. Ne4 b4 25. Nd6 Rf8 26. g3 h6 27. f4
Rc6 28. Re2 f6 29. Nb5 Ra6 30. Nd4 Rfa8 31. a4 bxa3 32. exf6 gxf6 33. Rxe6 Rxe6
34. Nxe6 Rb8 35. Rxd5 Rxb2+ 36. Ka1 Rxc2 37. Rd3 a2 38. h4 Kf7 39. Nd4 Rg2 40.
Nb3 Ke6 41. Nc1 Kf5 42. Nxa2 Kg4 43. Rd6 Rxg3 44. Rxf6 Kxh4 45. Rxh6+ Kg4 46.
Rf6 Rf3 47. Kb2 Rxf4 48. Rg6+ Kf3 49. Nc3 Rf7 50. Kc2 Ke3 51. Re6+ Kd4 52. Re4+
Kc5 53. Rh4 Rf2+ 54. Kb3 Rf3 55. Rh5+ Kc6 56. Kc4 Rf4+ 57. Kd3 Rf3+ 58. Kd4 Rf6
59. Ne4 Rg6 60. Ra5 Kb6 61. Rf5 Kc6 62. Kc4 Kb6 63. Rb5+ Kc6 64. Rc5+ Kb6 65.
Rh5 Kc6 66. Kd4 Kb6 67. Rh4 Kc6 68. Nc3 Rd6+ 69. Kc4 Rg6 70. Nd5 Kd6 71. Re4 Rg5
72. Nc3 Rc5+ 73. Kd4 Rh5 74. Rg4 Rh6 75. Rg5 Kc6 76. Ne4 Kb6 77. Rg8 Kc6 78.
Rc8+ Kb6 79. Rc1 Rh4 80. Kd5 Rh5+ 81. Kd6 Rh6+ 82. Ke5 Rh5+ 83. Ke6 Rh6+ 84. Nf6
Kb5 85. Ke5 Kb4 86. Nd5+ Kb5 87. Rb1+ Kc4 88. Rc1+ Kb5 89. Rb1+ Kc4 90. Rb4+ Kd3
91. Rd4+ Kc2 92. Rc4+ Kd3 93. Rc3+ Kd2 94. Ra3 Rh5+ 95. Ke4 Kc2 96. Ne3+ Kb2 97.
Rd3 Rb5 1/2-1/2

[Event "Online Olym Top DivD 2021"]
[Site "chess.com INT"]
[Date "2021.09.10"]
[Round "7.1"]
[Board "1"]
[White "Duda, Jan-Krzysztof"]
[Black "Arenas, David"]
[Result "1-0"]
[WhiteTitle "GM"]
[BlackTitle "GM"]
[WhiteElo "2756"]
[BlackElo "2455"]
[WhiteTeam "Poland"]
[BlackTeam "Colombia"]
[WhiteFideId "1170546"]
[BlackFideId "4403177"]
[EventDate "2021.09.08"]
[EventType "team"]

1. d4 Nf6 2. c4 e6 3. Nf3 Bb4+ 4. Bd2 Qe7 5. a3 Bxd2+ 6. Qxd2 O-O 7. Nc3 d6 8.
e3 e5 9. h3 Nc6 10. Nd5 Qd8 11. Be2 e4 12. Nxf6+ Qxf6 13. Nh2 Re8 14. Nf1 Ne7
15. Ng3 Ng6 16. Nh5 Qg5 17. g3 c6 18. Qb4 Qd8 19. h4 d5 20. cxd5 cxd5 21. Rc1
Be6 22. Kd2 a5 23. Qb5 Qd6 24. Rc5 Ne7 25. Rhc1 b6 26. Rc7 Red8 27. Rb7 Rab8 28.
Rcc7 Rxb7 29. Rxb7 Nc8 30. Nf4 Kf8 31. Qa4 Ne7 32. b4 Bc8 33. Ra7 Qb8 34. Rxe7
Kxe7 35. Qb5 Be6 36. bxa5 bxa5 37. Qc5+ Rd6 38. Bb5 h6 39. h5 Kf8 40. Kc3 Kg8
41. Kb3 Rd8 42. Ka4 Rc8 43. Bc6 Qc7 44. Bb5 Qb8 45. Bc6 Qb2 46. Nxe6 fxe6 47.
Qd6 Qc2+ 48. Kb5 Qb3+ 49. Ka6 Rb8 50. Qc7 Qc4+ 51. Ka7 Rb2 52. Qd8+ Kh7 53. Be8 1-0

[Event "Online Olym Top DivD 2021"]
[Site "chess.com INT"]
[Date "2021.09.10"]
[Round "7.1"]
[Board "2"]
[White "Gallego Alcaraz, Andres Felipe"]
[Black "Wojtaszek, Radoslaw"]
[Result "0-1"]
[WhiteTitle "GM"]
[BlackTitle "GM"]
[WhiteElo "2512"]
[BlackElo "2698"]
[WhiteTeam "Colombia"]
[BlackTeam "Poland"]
[WhiteFideId "4402669"]
[BlackFideId "1118358"]
[EventDate "2021.09.08"]
[EventType "team"]

1. d4 Nf6 2. c4 e6 3. Nf3 d5 4. g3 Bb4+ 5. Bd2 Be7 6. Bg2 c6 7. Qc2 b6 8. b3 O-O
9. O-O Nbd7 10. Rd1 Ba6 11. Nc3 Rc8 12. e4 dxc4 13. Bf4 Bb4 14. Nd2 b5 15. bxc4
bxc4 16. a3 Ba5 17. Bd6 Re8 18. e5 Nd5 19. Nce4 f5 20. exf6 N7xf6 21. Be5 Bxd2
22. Nxd2 c3 23. Nb3 Ng4 24. Nc5 Nxe5 25. dxe5 Qa5 26. Ne4 Re7 27. Ng5 g6 28. Bh3
Rce8 29. Ne4 Rf8 30. Re1 Qb6 31. Ra2 Qd4 32. Nd6 Bd3 33. Qd1 c5 34. Bf1 c2 35.
Qc1 Qxf2+ 36. Kh1 Bxf1 0-1

[Event "Online Olym Top DivD 2021"]
[Site "chess.com INT"]
[Date "2021.09.10"]
[Round "7.1"]
[Board "3"]
[White "Zawadzka, Jolanta"]
[Black "Castrillon Gomez, Melissa"]
[Result "1-0"]
[WhiteTitle "WGM"]
[BlackTitle "WIM"]
[WhiteElo "2407"]
[BlackElo "2212"]
[WhiteTeam "Poland"]
[BlackTeam "Colombia"]
[WhiteFideId "1122320"]
[BlackFideId "4402413"]
[EventDate "2021.09.08"]
[EventType "team"]

1. e4 e5 2. Nf3 Nc6 3. d4 exd4 4. Nxd4 Bc5 5. Nb3 Bb6 6. Qe2 d6 7. Nc3 Nge7 8.
Be3 Bxe3 9. Qxe3 Be6 10. O-O-O Qb8 11. f4 Bg4 12. Re1 Bd7 13. Nd5 a5 14. Nd4 O-O
15. Nxc6 Nxc6 16. Qc3 Nb4 17. Kb1 Nxd5 18. exd5 c5 19. h4 b5 20. h5 b4 21. Qg3
Bf5 22. h6 g6 23. Bc4 a4 24. Qh4 Qd8 25. Re7 f6 26. Rhe1 Rf7 27. R7e6 b3 28.
axb3 axb3 29. Bxb3 Bxe6 30. dxe6 Re7 31. Bd5 Raa7 32. c3 Qa5 33. Kc2 Qa4+ 34.
Bb3 Qc6 35. Qxf6 c4 36. Ba2 Qa4+ 37. Kd2 Qxa2 38. f5 Qxb2+ 39. Ke3 Qb6+ 40. Kf3
Qd8 41. Qg5 Qf8 42. f6 Reb7 43. Kg3 Rb3 44. f7+ Rxf7 45. exf7+ Qxf7 46. Qd8+ Qf8
47. Re8 Rxc3+ 48. Kh2 1-0

[Event "Online Olym Top DivD 2021"]
[Site "chess.com INT"]
[Date "2021.09.10"]
[Round "7.1"]
[Board "4"]
[White "Chirivi C, Jenny Astrid"]
[Black "Cyfka, Karina"]
[Result "1/2-1/2"]
[WhiteTitle "WIM"]
[BlackTitle "IM"]
[WhiteElo "2124"]
[BlackElo "2405"]
[WhiteTeam "Colombia"]
[BlackTeam "Poland"]
[WhiteFideId "4403061"]
[BlackFideId "1122681"]
[EventDate "2021.09.08"]
[EventType "team"]

1. d4 Nf6 2. c4 e6 3. Nf3 Bb4+ 4. Bd2 Qe7 5. g3 Bxd2+ 6. Qxd2 Nc6 7. Nc3 d5 8.
cxd5 exd5 9. Bg2 Bg4 10. O-O O-O-O 11. Rfc1 Kb8 12. e3 Bxf3 13. Bxf3 g5 14. b4
Ne4 15. Nxe4 dxe4 16. Bg2 Rd6 17. Qc3 f5 18. b5 Nd8 19. Rc2 h5 20. Rac1 Rh7 21.
Qc4 Qe6 22. Bh3 Qxc4 23. Rxc4 g4 24. Bf1 Ne6 25. h4 gxh3 26. Bxh3 Rd5 27. a4 h4
28. gxh4 Rxh4 29. Bg2 Rd8 30. Kf1 Rh2 31. Kg1 Rh7 32. Kf1 Rg7 33. f4 exf3 34.
Bxf3 f4 35. d5 Ng5 36. Rxf4 b6 37. Ke2 Nxf3 38. Kxf3 Rxd5 39. Rc6 Kb7 40. Rf8 a6
41. e4 Rh5 42. Rc2 axb5 43. axb5 Rxb5 44. Kf4 Re7 45. Rd8 Rbe5 46. Rd4 b5 47.
Rb2 Kb6 48. Kf3 Rf7+ 49. Ke3 Rh7 50. Rdb4 c6 51. Kf4 Rhe7 52. Kf3 Rc5 53. Ke3
Rc3+ 54. Kf4 Kc5 55. e5 Rc4+ 56. Rxc4+ Kxc4 57. Rc2+ Kd5 58. Rd2+ Kc5 59. Rc2+
Kb6 60. Kf5 c5 61. Kf6 Re8 62. e6 b4 63. Kf7 Ra8 64. e7 b3 65. Rc3 c4 66. Rxc4
Kb5 67. Rc7 Kb4 68. Rb7+ Kc3 69. Rc7+ Kb2 70. Rd7 Kc2 71. Rd8 Ra7 72. Rc8+ Kb1
73. Kf6 Rxe7 74. Kxe7 b2 75. Kd6 Ka2 76. Ra8+ Kb3 77. Rb8+ Kc2 78. Rc8+ Kd2 79.
Rb8 Kc2 80. Rxb2+ Kxb2 1/2-1/2

[Event "Online Olym Top DivD 2021"]
[Site "chess.com INT"]
[Date "2021.09.10"]
[Round "7.1"]
[Board "5"]
[White "Teclaf, Pawel"]
[Black "Cardoso Cardoso, Jose Gabriel"]
[Result "1/2-1/2"]
[WhiteTitle "IM"]
[BlackTitle "FM"]
[WhiteElo "2543"]
[BlackElo "2428"]
[WhiteTeam "Poland"]
[BlackTeam "Colombia"]
[WhiteFideId "1185934"]
[BlackFideId "4430492"]
[EventDate "2021.09.08"]
[EventType "team"]

1. e4 g6 2. d4 Bg7 3. Nc3 d6 4. Be3 a6 5. h4 h5 6. Qd2 b5 7. f3 Bb7 8. Nh3 Nd7
9. Ng5 Nb6 10. Bd3 Rc8 11. a4 b4 12. a5 bxc3 13. Qxc3 Nd7 14. Qb3 Nh6 15. Qxb7
c5 16. c3 O-O 17. O-O c4 18. Be2 Rb8 19. Qxa6 d5 20. exd5 Nf5 21. Bf2 Rxb2 22.
Qxc4 Nf6 23. a6 Nxd5 24. a7 Qa8 25. Rfb1 Rxe2 26. Rb8 Rxb8 27. axb8=Q+ Qxb8 28.
Qxd5 e6 29. Ra8 exd5 30. Rxb8+ Bf8 31. Rd8 Rc2 32. Rxd5 Rc1+ 33. Kh2 Bd6+ 34. g3
Rc2 35. Kg1 Rc1+ 36. Kg2 Rc2 37. Kg1 Rc1+ 38. Kg2 Rc2 39. Kg1 1/2-1/2

[Event "Online Olym Top DivD 2021"]
[Site "chess.com INT"]
[Date "2021.09.10"]
[Round "7.1"]
[Board "6"]
[White "Hernandez Bermudez, Manuela"]
[Black "Sliwicka, Alicja"]
[Result "1-0"]
[BlackTitle "WIM"]
[WhiteElo "1921"]
[BlackElo "2304"]
[WhiteTeam "Colombia"]
[BlackTeam "Poland"]
[WhiteFideId "4483103"]
[BlackFideId "1150677"]
[EventDate "2021.09.08"]
[EventType "team"]

1. e4 c5 2. Nf3 e6 3. d4 cxd4 4. Nxd4 Nf6 5. Nc3 d6 6. g4 h6 7. h4 Nc6 8. g5
hxg5 9. Bxg5 Qb6 10. Nb3 Ne5 11. Be2 Bd7 12. f4 Nc6 13. Qd2 Nh7 14. O-O-O Nxg5
15. hxg5 Rxh1 16. Rxh1 O-O-O 17. g6 fxg6 18. Bg4 Be7 19. Qg2 Qe3+ 20. Kb1 Qxf4
21. Rf1 Qe5 22. Bh3 g5 23. Nc1 Bf6 24. Nd3 Qa5 25. Nd1 Nb4 26. Nxb4 Qxb4 27. Rf3
Kb8 28. Rb3 Qd4 29. Nc3 Qe5 30. a3 Bc6 31. Bg4 Rh8 32. Qe2 d5 33. Qa6 Qc7 34.
exd5 exd5 35. Be6 d4 36. Nd5 Bxd5 37. Bxd5 b6 38. a4 Rd8 39. Bg2 d3 40. cxd3 Bd4
41. a5 Rf8 42. axb6 Bxb6 43. Rc3 Qd7 44. Be4 g4 45. Bc6 Qe7 46. Be4 g3 47. Qc4
Qf7 48. Qc6 Qf1+ 49. Kc2 Qf2+ 50. Kb3 Qf7+ 51. Bd5 Qxd5+ 52. Qxd5 Rd8 53. Qe5+
Kb7 54. Qxg7+ Ka6 55. Qxg3 Rd5 56. Qg8 Rd8 57. Qc4+ Kb7 58. Qc6+ Kb8 59. Kc2 Rh8
60. Qd6+ Kb7 61. Qd5+ Ka6 62. Ra3+ 1-0

[Event "Online Olym Top DivD 2021"]
[Site "chess.com INT"]
[Date "2021.09.10"]
[Round "7.2"]
[Board "1"]
[White "Robson, Ray"]
[Black "Albornoz Cabrera, Carlos Daniel"]
[Result "1/2-1/2"]
[WhiteTitle "GM"]
[BlackTitle "GM"]
[WhiteElo "2673"]
[BlackElo "2567"]
[WhiteTeam "United States of America"]
[BlackTeam "Cuba"]
[WhiteFideId "2023970"]
[BlackFideId "3518736"]
[EventDate "2021.09.08"]
[EventType "team"]

1. e4 c5 2. Nf3 d6 3. Bb5+ Nc6 4. O-O Bd7 5. Re1 Nf6 6. h3 Ne5 7. Nxe5 Bxb5 8.
a4 Ba6 9. Nf3 g6 10. d4 cxd4 11. Nxd4 Bg7 12. b3 O-O 13. c4 b6 14. Nc3 Bb7 15.
f3 a6 16. Be3 Nd7 17. Qd2 Nc5 18. Rab1 Re8 19. Nde2 Rc8 20. Red1 Qc7 21. Nd5 Qd8
22. Bd4 Bxd4+ 23. Nxd4 e6 24. Nc3 Qf6 25. Nde2 Red8 26. Qd4 Qxd4+ 27. Rxd4 Kf8
28. Kf2 Ke7 29. Rd2 Nd7 30. h4 Ne5 31. Nf4 h6 32. Nd3 Nc6 33. Rbd1 g5 34. Nc1
Ne5 35. N1e2 Ng6 36. h5 Ne5 37. a5 bxa5 38. Ra1 Nc6 39. Nd4 Nxd4 40. Rxd4 Rc5
41. Na4 Re5 42. Nb2 g4 43. Rh1 gxf3 44. gxf3 Rg5 45. Nd1 f5 46. Nc3 fxe4 47.
Nxe4 Bxe4 48. Rxe4 Rb8 49. Re3 Rb4 50. Rhe1 e5 51. f4 Rf5 52. Kg3 Ke6 53. fxe5
Rxe5 54. Kf4 Rxe3 55. Rxe3+ Kf6 56. Rg3 a4 57. Rg6+ Ke7 58. bxa4 Rxc4+ 59. Kf5
Rc5+ 60. Kg4 Rc4+ 61. Kf5 Rc5+ 62. Kg4 Rc4+ 63. Kf5 1/2-1/2

[Event "Online Olym Top DivD 2021"]
[Site "chess.com INT"]
[Date "2021.09.10"]
[Round "7.2"]
[Board "2"]
[White "Quesada Perez, Yasser"]
[Black "Swiercz, Dariusz"]
[Result "1-0"]
[WhiteTitle "GM"]
[BlackTitle "GM"]
[WhiteElo "2568"]
[BlackElo "2647"]
[WhiteTeam "Cuba"]
[BlackTeam "United States of America"]
[WhiteFideId "3509362"]
[BlackFideId "1126881"]
[EventDate "2021.09.08"]
[EventType "team"]

1. d4 Nf6 2. Bf4 d5 3. e3 e6 4. Nf3 c5 5. c3 Nc6 6. Nbd2 Be7 7. Bd3 Nh5 8. Be5
f6 9. Bg3 g6 10. Qe2 cxd4 11. exd4 O-O 12. O-O-O Bd7 13. Kb1 Rc8 14. h4 Nxg3 15.
fxg3 f5 16. g4 Bd6 17. h5 g5 18. h6 fxg4 19. Ne5 Bxe5 20. dxe5 Qe7 21. Rde1 g3
22. Qg4 Kh8 23. Nf3 Rf4 24. Qxg3 Rg8 25. Rh5 Rxf3 26. Qxf3 Be8 27. Rhh1 d4 28.
Qf6+ Qxf6 29. exf6 Bf7 30. Bc4 Re8 31. Rh3 Kg8 32. Rg3 Bg6+ 33. Bd3 Bxd3+ 34.
Rxd3 Kf7 35. cxd4 Rd8 36. Red1 Rd5 37. Rb3 Rd7 38. d5 exd5 39. Rb5 d4 40. Rf1
Kg6 41. f7 Rxf7 42. Rxf7 Kxf7 43. Rxg5 Kf6 44. Rg7 d3 45. Kc1 1-0

[Event "Online Olym Top DivD 2021"]
[Site "chess.com INT"]
[Date "2021.09.10"]
[Round "7.2"]
[Board "3"]
[White "Zatonskih, Anna"]
[Black "Miranda Llanes, Yerisbel"]
[Result "0-1"]
[WhiteTitle "IM"]
[BlackTitle "WIM"]
[WhiteElo "2423"]
[BlackElo "2259"]
[WhiteTeam "United States of America"]
[BlackTeam "Cuba"]
[WhiteFideId "14101572"]
[BlackFideId "3507700"]
[EventDate "2021.09.08"]
[EventType "team"]

1. d4 Nf6 2. Nf3 d5 3. c4 e6 4. Nc3 Bb4 5. Qa4+ Nc6 6. e3 O-O 7. Bd2 dxc4 8.
Bxc4 Bd6 9. Qc2 e5 10. dxe5 Nxe5 11. Nxe5 Bxe5 12. O-O-O Qe7 13. Kb1 Rb8 14. f3
b5 15. Nd5 Nxd5 16. Bxd5 c5 17. f4 Bf6 18. e4 Bd4 19. Bc3 Bxc3 20. Qxc3 Bb7 21.
e5 Rfd8 22. Bxb7 Qxb7 23. g3 c4 24. Rhe1 Rdc8 25. Qb4 a5 26. Qxa5 b4 27. Qd5 c3
28. Re2 Qc7 29. Qe4 b3 30. axb3 Rxb3 31. e6 cxb2 32. e7 Qc1+ 0-1

[Event "Online Olym Top DivD 2021"]
[Site "chess.com INT"]
[Date "2021.09.10"]
[Round "7.2"]
[Board "4"]
[White "Linares Napoles, Oleiny"]
[Black "Paikidze, Nazi"]
[Result "0-1"]
[WhiteTitle "WGM"]
[BlackTitle "IM"]
[WhiteElo "2255"]
[BlackElo "2374"]
[WhiteTeam "Cuba"]
[BlackTeam "United States of America"]
[WhiteFideId "3504794"]
[BlackFideId "13603620"]
[EventDate "2021.09.08"]
[EventType "team"]

1. d4 Nf6 2. Bf4 g6 3. Nc3 d5 4. e3 Bg7 5. h4 h5 6. Nf3 a6 7. Be2 O-O 8. Ne5
Nbd7 9. f3 c5 10. Qd2 b5 11. a3 Bb7 12. g4 hxg4 13. fxg4 Ne4 14. Nxe4 dxe4 15.
Rh3 Nxe5 16. dxe5 Qxd2+ 17. Kxd2 Rad8+ 18. Ke1 f6 19. exf6 Bxf6 20. c3 b4 21.
axb4 cxb4 22. g5 Bg7 23. Rc1 Rc8 24. Bg4 bxc3 25. Be6+ Kh7 26. bxc3 Rxc3 27. Rb1
Bc8 28. Bxc8 Rfxc8 29. Rh2 e5 30. Bg3 Rxe3+ 31. Kf2 Rcc3 32. Rh3 Rf3+ 33. Kg2
Rc2+ 34. Kg1 e3 35. Rb7 e2 36. Rb1 e4 37. h5 Bd4+ 38. Kh1 Rf1+ 0-1

[Event "Online Olym Top DivD 2021"]
[Site "chess.com INT"]
[Date "2021.09.10"]
[Round "7.2"]
[Board "5"]
[White "Liang, Awonder"]
[Black "Alvarez Calzadilla, Jose Avelino"]
[Result "1-0"]
[WhiteTitle "GM"]
[BlackTitle "FM"]
[WhiteElo "2590"]
[BlackElo "2287"]
[WhiteTeam "United States of America"]
[BlackTeam "Cuba"]
[WhiteFideId "2056437"]
[BlackFideId "3526151"]
[EventDate "2021.09.08"]
[EventType "team"]

1. e4 e5 2. Nf3 Nc6 3. Bb5 Nf6 4. d3 Bc5 5. c3 d6 6. O-O O-O 7. Re1 a6 8. Bxc6
bxc6 9. Bg5 h6 10. Bh4 g5 11. Bg3 Bg4 12. d4 exd4 13. cxd4 Bb6 14. Nc3 Nh5 15.
Qd3 Nxg3 16. hxg3 Re8 17. Rad1 Bh5 18. Na4 Ba7 19. Qxa6 Bxd4 20. Qxc6 Bg7 21. b3
Qe7 22. Re3 Bg6 23. Rde1 Ra5 24. R1e2 h5 25. b4 Ra7 26. Nc3 Bxc3 27. Qxc3 Rea8
28. e5 d5 29. e6 f6 30. Nd4 Ra6 31. Nc6 Qg7 32. Qc5 Be4 33. f3 Bg6 34. Qxd5 Kh7
35. e7 Be8 36. Nd4 Kh8 37. Ne6 Qf7 38. Nxc7 Qxd5 39. Nxd5 Rxa2 40. Rxa2 Rxa2 41.
Nxf6 1-0

[Event "Online Olym Top DivD 2021"]
[Site "chess.com INT"]
[Date "2021.09.10"]
[Round "7.2"]
[Board "6"]
[White "Obregon Garcia, Roxangel"]
[Black "Cervantes Landeiro, Thalia"]
[Result "0-1"]
[WhiteTitle "WIM"]
[BlackTitle "FM"]
[WhiteElo "2167"]
[BlackElo "2175"]
[WhiteTeam "Cuba"]
[BlackTeam "United States of America"]
[WhiteFideId "3520420"]
[BlackFideId "3520498"]
[EventDate "2021.09.08"]
[EventType "team"]

1. e4 e5 2. Nf3 Nc6 3. Bb5 Nf6 4. d3 Bc5 5. Bxc6 dxc6 6. Nc3 Nd7 7. Be3 f6 8. h3
O-O 9. O-O Re8 10. Nd2 a5 11. Qf3 Bf8 12. Qg3 Nc5 13. Ne2 Ne6 14. f4 exf4 15.
Nxf4 Bd6 16. Nc4 Nxf4 17. Bxf4 Bxf4 18. Rxf4 Be6 19. Ne3 Qd4 20. Raf1 Kh8 21. b3
a4 22. Kh1 Qe5 23. Qf3 axb3 24. axb3 Ra1 25. Nf5 g5 26. Qh5 Rea8 27. Qh6 Bxf5
28. Rxf5 Qxf5 29. exf5 Rxf1+ 30. Kh2 Rxf5 31. g4 Rf4 32. h4 Rg8 33. Kg3 Rg7 34.
Qh5 Rg6 35. hxg5 fxg5 36. Qh1 Rgf6 37. Qe1 Rf3+ 38. Kg2 Rf2+ 39. Qxf2 Rxf2+ 40.
Kxf2 Kg7 41. d4 Kg6 42. c4 h5 43. gxh5+ Kxh5 44. Kg3 g4 45. b4 Kg5 46. b5 cxb5
47. cxb5 b6 48. d5 Kf5 49. Kg2 Ke5 0-1

[Event "Online Olym Top DivD 2021"]
[Site "chess.com INT"]
[Date "2021.09.10"]
[Round "7.3"]
[Board "1"]
[White "Noritsyn, Nikolay"]
[Black "Cori, Jorge"]
[Result "0-1"]
[WhiteTitle "IM"]
[BlackTitle "GM"]
[WhiteElo "2512"]
[BlackElo "2654"]
[WhiteTeam "Canada"]
[BlackTeam "Peru"]
[WhiteFideId "2604922"]
[BlackFideId "3802272"]
[EventDate "2021.09.08"]
[EventType "team"]

1. e4 c6 2. d4 d5 3. e5 Bf5 4. Bd3 Bxd3 5. Qxd3 e6 6. Ne2 c5 7. c3 Nc6 8. O-O
Qb6 9. Nd2 cxd4 10. cxd4 Qa6 11. Qxa6 bxa6 12. Nb3 Nge7 13. Bd2 Nf5 14. Rac1 Kd7
15. g4 Nh4 16. f4 h5 17. h3 Rc8 18. f5 hxg4 19. hxg4 Be7 20. Rc3 g6 21. f6 Bb4
22. Rxc6 Rxc6 23. Bxb4 Rc2 24. Nc5+ Kc6 25. Kf2 g5 26. Rh1 Rxb2 27. a3 Kb5 28.
Nd3 Rc2 29. Rb1 Ng6 30. Nc1 Rh2+ 31. Ke3 Rh3+ 32. Kf2 Kc6 33. Be1 Nf4 34. Kf1
Rf3+ 35. Bf2 Nd3 36. Nxd3 Rxd3 37. Ke1 Rdd2 38. Kf1 Rxe2 39. Be1 Re4 40. Rb8
Rf4+ 41. Kg1 Rxg4+ 42. Kf1 Rf4+ 43. Kg1 Kc7 44. Rf8 Rc1 45. Rxf7+ Kc6 46. Re7
Rxe1+ 47. Kg2 Re2+ 48. Kg3 Re3+ 49. Kg2 Kb5 50. Rxe6 Kc4 51. Re7 Kxd4 0-1

[Event "Online Olym Top DivD 2021"]
[Site "chess.com INT"]
[Date "2021.09.10"]
[Round "7.3"]
[Board "3"]
[White "Burtasova, Anna"]
[Black "Chumpitaz, Ann"]
[Result "0-1"]
[WhiteTitle "WGM"]
[BlackTitle "WIM"]
[WhiteElo "2261"]
[BlackElo "2244"]
[WhiteTeam "Canada"]
[BlackTeam "Peru"]
[WhiteFideId "4150740"]
[BlackFideId "3804178"]
[EventDate "2021.09.08"]
[EventType "team"]

1. e4 c5 2. Nf3 e6 3. c3 d5 4. e5 Nc6 5. d4 Qb6 6. a3 c4 7. Nbd2 Na5 8. Rb1 Bd7
9. g3 Be7 10. h4 Nb3 11. Nxb3 Ba4 12. Nfd2 f5 13. exf6 Nxf6 14. Bh3 cxb3 15. O-O
O-O 16. Re1 e5 17. Rxe5 Bd6 18. Re3 Kh8 19. Bg2 Qc7 20. Nf3 Ng4 21. Ng5 Nxf2 22.
Qh5 g6 23. Qe2 Bxg3 24. Rxg3 Qxg3 25. Be3 Ne4 26. Nxe4 dxe4 27. d5 Kg8 28. d6
Be8 29. Qc4+ Bf7 30. Qe2 Qxh4 31. Rd1 a6 32. d7 Qe7 33. Qg4 b5 34. Bg5 Qc5+ 35.
Kh1 Rad8 36. Bxd8 Rxd8 37. Rd4 e3 38. Qe4 Qh5+ 39. Kg1 Qf5 40. Qxf5 gxf5 41. Kf1
Be6 42. Ke2 Rxd7 43. Rxd7 Bxd7 44. Kxe3 Kg7 45. Bd5 Kf6 46. Bxb3 h5 47. c4 Ke5
48. cxb5 axb5 49. Bd1 h4 50. Bf3 f4+ 51. Kf2 Kd4 52. b3 Kc3 53. Bd5 Kd4 54. Bg2
h3 55. Bf3 Kc3 56. Bd5 Kd4 57. Bf3 Kc5 58. a4 bxa4 59. bxa4 Bc6 60. a5 Bxf3 61.
Kxf3 Kb5 62. Kxf4 h2 0-1

[Event "Online Olym Top DivD 2021"]
[Site "chess.com INT"]
[Date "2021.09.10"]
[Round "7.3"]
[Board "4"]
[White "Aliaga Fernandez, Ingrid Y"]
[Black "Golubeva, Oksana"]
[Result "1-0"]
[WhiteTitle "WIM"]
[BlackTitle "WFM"]
[WhiteElo "2201"]
[BlackElo "2179"]
[WhiteTeam "Peru"]
[BlackTeam "Canada"]
[WhiteFideId "3802191"]
[BlackFideId "4170164"]
[EventDate "2021.09.08"]
[EventType "team"]

1. e4 e6 2. d4 d5 3. Nc3 dxe4 4. Nxe4 Nf6 5. Nxf6+ gxf6 6. Nf3 b6 7. Bb5+ c6 8.
Bd3 Qc7 9. Qe2 Bb7 10. Bd2 Nd7 11. O-O-O O-O-O 12. Kb1 Kb8 13. Rhe1 Bd6 14. g3
h6 15. Bc3 b5 16. Bd2 Rc8 17. Rc1 Nb6 18. Ba5 Qd7 19. Nd2 Be7 20. Nb3 Na4 21. c4
a6 22. Red1 f5 23. Bc2 h5 24. h4 f4 25. Nc5 Nxc5 26. dxc5 Qe8 27. Bc3 Rg8 28.
Qe5+ Ka8 29. Bh7 Rg4 30. Bd3 fxg3 31. fxg3 Qg8 32. Be1 f6 33. Qe3 f5 34. Bf2 Re8
35. Be2 Re4 36. Qf3 Qf8 37. Bd3 Rg4 38. cxb5 axb5 39. Rc3 b4 40. Rc2 Bf6 41. Be2
Qg7 42. Qb3 Be5 43. Bxg4 fxg4 44. Qxb4 Qg6 45. Qa5+ Kb8 46. Rd8+ Rxd8 47. Qxd8+
Ka7 48. a3 Qe4 49. Qd2 Qd5 50. Qxd5 exd5 51. Re2 Bc7 52. Re7 Kb8 53. Kc1 Ba6 54.
Rh7 Kc8 55. Rxh5 Bd3 56. Rg5 Be2 57. h5 Bd8 58. Rg8 Kd7 59. Kd2 Bf3 60. h6 Be4
61. h7 Ba5+ 62. b4 Bxh7 63. Rg7+ 1-0

[Event "Online Olym Top DivD 2021"]
[Site "chess.com INT"]
[Date "2021.09.10"]
[Round "7.3"]
[Board "6"]
[White "Caballero Quijano, Mitzy Mishell"]
[Black "Demchenko, Svitlana"]
[Result "1-0"]
[WhiteTitle "WIM"]
[BlackTitle "WIM"]
[WhiteElo "1996"]
[BlackElo "2285"]
[WhiteTeam "Peru"]
[BlackTeam "Canada"]
[WhiteFideId "3807223"]
[BlackFideId "14149893"]
[EventDate "2021.09.08"]
[EventType "team"]

1. d4 Nf6 2. Nf3 e6 3. g3 b6 4. Bg2 Bb7 5. O-O c5 6. c4 cxd4 7. Nxd4 Bxg2 8.
Kxg2 Bc5 9. Nb5 O-O 10. Bf4 Nc6 11. Bd6 Bxd6 12. Nxd6 Qc7 13. Nc3 Ne5 14. b3 Ne8
15. Ncb5 Qc6+ 16. Kg1 f5 17. Qd4 Ng6 18. Rad1 Nf6 19. f4 a6 20. Na3 b5 21. Nc2
bxc4 22. bxc4 Rab8 23. Ne3 Rb4 24. a3 Rb3 25. Rd3 Rfb8 26. Rfd1 h5 27. c5 h4 28.
Qc4 Rxd3 29. Rxd3 hxg3 30. hxg3 Rb1+ 31. Rd1 Rb2 32. Nexf5 Kh7 33. Nd4 Qa8 34.
Nf3 Nh5 35. Kf2 Kg8 36. Ne4 Nhxf4 37. gxf4 Nxf4 38. Ng3 Nh3+ 39. Kg2 Ng5 40. Rf1
Qc6 41. Rf2 d6 42. Qd4 Rc2 43. cxd6 Rc4 44. Qd3 Rc5 45. d7 Rd5 46. d8=Q+ Kf7 47.
Ne5# 1-0